banner

Teoría y técnica del psicoanálisis de niños / (Registro nro. 1363)

000 -LEADER
fixed length control field 01644nam a2200241 a 4500
003 - CONTROL NUMBER IDENTIFIER
control field AR-BaISA
005 - DATE AND TIME OF LATEST TRANSACTION
control field 20230801160829.0
006 - FIXED-LENGTH DATA ELEMENTS--ADDITIONAL MATERIAL CHARACTERISTICS
fixed length control field aao||fr|||| 00| 0
008 - FIXED-LENGTH DATA ELEMENTS--GENERAL INFORMATION
fixed length control field 230801s2015 ag ao||f |||| 001 0 spa d
020 ## - INTERNATIONAL STANDARD BOOK NUMBER
International Standard Book Number 9789501292725
040 ## - CATALOGING SOURCE
Language of cataloging spa
Transcribing agency AR-BaISA
082 04 - DEWEY DECIMAL CLASSIFICATION NUMBER
Edition number 22
Classification number 155.4 Ab37
100 ## - MAIN ENTRY--PERSONAL NAME
9 (RLIN) 2978
Personal name Aberastury, Arminda
Relator term aut.
245 ## - TITLE STATEMENT
Title Teoría y técnica del psicoanálisis de niños /
Statement of responsibility, etc. Arminda Aberastury
300 ## - PHYSICAL DESCRIPTION
Extent 284 p.
490 ## - SERIES STATEMENT
Serie Biblioteca fundamental de las ciencias de la psicología / Posfreudianos
504 ## - BIBLIOGRAPHY, ETC. NOTE
Bibliography, etc. note Bibliografía p.: [279]-284
504 ## - BIBLIOGRAPHY, ETC. NOTE
Bibliography, etc. note Índice analítico p.: [269]-278
505 ## - FORMATTED CONTENTS NOTE
Title HISTORIA DE LA TÉCNICA:
-- Análisis de la fobia de un niño de 5 años --
-- Nacimiento de una técnica --
-- Dos corrientes en psicoanálisis de niños --
-- El psicoanálisis de niños en la Argentina --
-- TÉCNICA ACTUAL:
-- La entrevista inicial con los padres --
-- El consultorio, el material de juego, el cajón individual: problemas técnicos que surgen de su manejo diario --
-- La primera hora de juego, su significado --
-- Entrevistas posteriores con los padres --
-- HISTORIALES CLÍNICOS:
-- Historiales clínicos --
-- Conflictos en la elaboración del duelo
Primera parte, Pola I. de Tomás
Segundar parte, Susana L. de Ferrer --
-- Fragmentos de historiales --
-- Elizabeth G. de Garma / Surgimiento de ansiedades analsadomasoquísticas enquistadas, por fracasos en la lactencia --
-- PROFILAXIS DE LA NEUROSIS INFANTIL:
-- Grupos de orientación de madres --
-- Nuevas perspectivas en la terapia
650 14 - SUBJECT ADDED ENTRY--TOPICAL TERM
9 (RLIN) 141
Topical term or geographic name entry element Psicoanálisis
650 14 - SUBJECT ADDED ENTRY--TOPICAL TERM
9 (RLIN) 1932
Topical term or geographic name entry element Psicología infantil
942 ## - ADDED ENTRY ELEMENTS (KOHA)
Source of classification or shelving scheme
Koha item type Libros
Edition 22
Existencias
Withdrawn status Lost status Source of classification or shelving scheme Damaged status Not for loan Permanent Location Current Location Date acquired Inventory number Total Checkouts Full call number Barcode Date last seen Date last checked out Copy number Price effective from Koha item type
          Biblioteca ISALUD. Dr. Néstor Rodríguez Campoamor Biblioteca ISALUD. Dr. Néstor Rodríguez Campoamor 2023-08-01 5016 1 155.4 Ab37 5016 2025-08-28 2025-08-25 ej. 1 2023-08-01 Libros
          Biblioteca ISALUD. Dr. Néstor Rodríguez Campoamor Biblioteca ISALUD. Dr. Néstor Rodríguez Campoamor 2023-08-01 5017   155.4 Ab37 5017 2023-08-01   ej. 2 2023-08-01 Libros
          Biblioteca ISALUD. Dr. Néstor Rodríguez Campoamor Biblioteca ISALUD. Dr. Néstor Rodríguez Campoamor 2023-08-01 5018   155.4 Ab37 5018 2023-08-01   ej. 3 2023-08-01 Libros